| 000 | 01446nam a2200265 a 4500 | ||
|---|---|---|---|
| 008 | 940707s1949 pauac 000 0 eng d | ||
| 100 | _aNational Philatelic Museum | ||
| 245 | 1 | 0 |
_aUnited States stamp exhibition, possessions and administrative issues : _bOctober 15-December 14, 1949 : comprising Canal Zone, Cuba, Guam, Philippines, Puerto Rico and Danish West Indies, Kingdom of Hawaii : featuring the first gubernatorial election of Puerto Rico / _cunder sponsorship of Eleanor Roosevelt, William H. Hastie ; United States Possessions Stamp Exhibition Committee, Hans Lagerloef ... [et al.] ; National Philatelic Museum Exhibition Committee, Donald M. Steele ... [et al.]. |
| 260 |
_a[Philadelphia : _bNational Philatelic Museum, _c1949] |
||
| 490 | 0 |
_aOfficial bulletin / National Philatelic Museum ; _vv. 1, no. 11 |
|
| 500 | _aCover title: U.S. possessions stamp exhibition, featuring first gubernatorial election in Puerto Rico. | ||
| 650 | 0 |
_aPostage stamps _zUnited States |
|
| 650 | 0 |
_aPostage stamps _zCuba |
|
| 650 | 0 |
_aPostage stamps _zPhilippines |
|
| 650 | 0 |
_aPostage stamps _zPuerto Rico |
|
| 650 | 0 |
_aStamp collecting _zUnited States |
|
| 650 | 0 |
_aStamp collecting _zCuba |
|
| 650 | 0 |
_aStamp collecting _zPhilippines |
|
| 650 | 0 |
_aStamp collecting _zPuerto Rico |
|
| 700 | 1 | _aRoosevelt, Eleanor, | |
| 700 | 1 | _aHastie, William, | |
| 700 | 1 | _aLagerloef, Hans. | |
| 700 | 1 | _aSteele, Donald M. | |
| 999 |
_c2118 _d2118 |
||